Public private partnership : Malaysian toll highways /
Saved in:
| 主要作者: | |
|---|---|
| 格式: | Thesis 圖書 |
| 語言: | English |
| 出版: |
2016.
|
| 主題: | |
| 標簽: |
添加標簽
沒有標簽, 成為第一個標記此記錄!
|
| LEADER | 01122cam a2200289 i 4500 | ||
|---|---|---|---|
| 001 | u767590 | ||
| 003 | SIRSI | ||
| 008 | 170717s2016 my a m 0 0 0 eng | ||
| 040 | |a UMM |e rda | ||
| 043 | |a a-my--- | ||
| 090 | 0 | |a JF1338 |b UM 2016 Sitsah | |
| 100 | 0 | |a Siti Sarah Ainur Hadie, |e author. | |
| 245 | 1 | 0 | |a Public private partnership : |b Malaysian toll highways / |c Siti Sarah Ainur binti Hadi. |
| 264 | 1 | |c 2016. | |
| 264 | 4 | |c 2016. | |
| 300 | |a x, 88 leaves : |b illustrations ; |c 30 cm. | ||
| 336 | |a text |2 rdacontent | ||
| 337 | |a unmediated |2 rdamedia | ||
| 338 | |a volume |2 rdacarrier | ||
| 502 | |b M.P.A. |b Jabatan Pengajian Pentadbiran dan Politik, Fakulti Ekonomi dan Pentadbiran, Universiti Malaya |d 2016. | ||
| 504 | |a Bibliography: leaves 78-81. | ||
| 650 | 0 | |a Public-private sector cooperation |z Malaysia. | |
| 650 | 0 | |a Toll roads |z Malaysia. | |
| 710 | 2 | |a Universiti Malaya. |b Jabatan Pengajian Pentadbiran dan Politik, |e degree granting institution. | |
| 902 | |a NSR NSM | ||
| 596 | |a 1 | ||
| 999 | |a JF1338 UM 2016 SITSAH |w LC |c 1 |i A516780325 |d 8/3/2020 |e 8/3/2020 |f 4/8/2017 |g 1 |l STACKS |m P01UTAMA |n 4 |r Y |s Y |t TESIS |u 4/8/2017 |1 AHSS | ||
